Evaluation Review <a> Journal of Applied Social Research

Na minha lista:
Detalhes bibliográficos
Formato: Periódico
Idioma:inglês
Publicado em: Thousand Oaks SAGE Publ. 1994
Assuntos:
Tags: Adicionar Tag
Sem tags, seja o primeiro a adicionar uma tag!

MARC

LEADER 00000nas2a2200000 4500
001 s017874
005 20240109100646.4
022 |a 0193-841X 
041 0 |a eng 
044 |a US 
245 1 0 |a Evaluation Review  |b <a> Journal of Applied Social Research 
264 1 |a Thousand Oaks  |b SAGE Publ.  |c 1994 
300 |a 1 zv. 
773 0 |w eu_un_cat*s120165 
610 2 0 |a výskum sociologický 
610 2 0 |a ekonómia